[Event "Oberliga Ost B"]
[Site "?"]
[Date "2023.02.04"]
[Round "6.6"]
[White "Kirchner, Markus"]
[Black "Neubauer, Andreas"]
[Result "1-0"]
[WhiteElo "2141"]
[BlackElo "2159"]
[PlyCount "75"]
[EventDate "2022.09.18"]
[EventType "team-tourn"]
[EventCountry "GER"]
[WhiteTeam "Schoeneck SF"]
[BlackTeam "Stadtilm SG BW"]
[WhiteTeamCountry "GER"]
[BlackTeamCountry "GER"]

1. e4 c5 2. Nf3 d6 3. d4 cxd4 4. Nxd4 Nf6 5. f3 e5 6. Nb3 Be6 7. c4 Nbd7 8. Be3 Rc8 9. Nc3 Bxc4 10. Bxc4 Rxc4 11. Qd3 Rc6 12. Qb5 Qa8 13. Na5 Rc7 14. Qa4 a6 15. Bb6 Rc8 16. Rd1 Be7 17. Nd5 Nxd5 18. exd5 h5 19. O-O Bd8 20. Bxd8 Rxd8 21. Qb4 Qa7+ 22. Kh1 Nc5 23. f4 O-O 24. fxe5 dxe5 25. Qh4 Qb6 26. b4 Nd7 27. a3 g6 28. Nc4 Qc7 29. Ne3 Kg7 30. Nf5+ Kg8 31. Qg5 Qc2 32. Rc1 Qe4 33. Qh6 gxf5 34. Qg5+ Kh7 35. Qxh5+ Kg7 36. Qg5+ Kh8 37. Rc3 Nf6 38. Qxf6+ 1-0

[Event "Oberliga Ost B"]
[Site "?"]
[Date "2023.02.04"]
[Round "6.7"]
[White "Schmidt, Daniel"]
[Black "Weiss, Matthias"]
[Result "1/2-1/2"]
[WhiteElo "1928"]
[BlackElo "1980"]
[PlyCount "82"]
[EventDate "2022.09.18"]
[EventType "team-tourn"]
[EventCountry "GER"]
[WhiteTeam "Stadtilm SG BW"]
[BlackTeam "Schoeneck SF"]
[WhiteTeamCountry "GER"]
[BlackTeamCountry "GER"]

1. c4 e5 2. Nc3 Nf6 3. Nf3 Nc6 4. g3 d5 5. cxd5 Nxd5 6. Bg2 Nb6 7. O-O Be7 8. d3 O-O 9. Be3 Re8 10. Rc1 Bf8 11. Ne4 Nd4 12. Nc5 Bxc5 13. Rxc5 f6 14. Bd2 c6 15. Ba5 Be6 16. b3 Bd5 17. e4 Be6 18. Rc1 Bg4 19. Bc3 Bxf3 20. Bxf3 Nxf3+ 21. Qxf3 Qd7 22. Rfd1 Rad8 23. d4 exd4 24. Rxd4 Qe6 25. Rxd8 Rxd8 26. Qf4 Qd6 27. Qxd6 Rxd6 28. Kf1 Kf7 29. Ke2 Ke6 30. Ke3 Nd7 31. f4 c5 32. Rc2 g6 33. g4 f5 34. gxf5+ gxf5 35. Rg2 fxe4 36. Kxe4 Nf6+ 37. Bxf6 Kxf6 38. Rc2 Rd4+ 39. Ke3 b6 40. Rg2 Rd1 41. Ke2 Rd4 1/2-1/2

[Event "Oberliga Ost B"]
[Site "?"]
[Date "2023.02.04"]
[Round "6.8"]
[White "Meyer Cording, Claus"]
[Black "Cress, Bastian"]
[Result "0-1"]
[WhiteElo "2063"]
[BlackElo "1629"]
[PlyCount "104"]
[EventDate "2022.09.18"]
[EventType "team-tourn"]
[EventCountry "GER"]
[WhiteTeam "Schoeneck SF"]
[BlackTeam "Stadtilm SG BW"]
[WhiteTeamCountry "GER"]
[BlackTeamCountry "GER"]

1. d4 Nf6 2. Bf4 e6 3. Nf3 d5 4. e3 Bd6 5. Bxd6 Qxd6 6. Be2 Qb4+ 7. Nbd2 Qxb2 8. O-O O-O 9. c4 Qa3 10. Qc2 Qe7 11. e4 dxe4 12. Nxe4 Nbd7 13. Ne5 Rd8 14. f4 Nxe4 15. Qxe4 Nf6 16. Qe3 Bd7 17. Bf3 Rab8 18. Rab1 c6 19. Nxd7 Qxd7 20. Rfd1 Qc7 21. g4 Qa5 22. Rd2 h6 23. h4 Qc7 24. g5 hxg5 25. hxg5 Nh7 26. Be4 Nf8 27. Rh2 f5 28. gxf6 gxf6 29. Rg2+ Kf7 30. Bf3 Rd7 31. Rd1 Ke8 32. c5 Rg7 33. Bh5+ Kd8 34. Rdd2 Rxg2+ 35. Rxg2 Qh7 36. Bg4 Qb1+ 37. Kh2 Kd7 38. Bh3 Re8 39. Rg7+ Re7 40. Rg2 Qh7 41. Qg3 Qe4 42. Qf2 Rh7 43. Rg3 Qd5 44. Qg1 Qxa2+ 45. Rg2 Qb3 46. Rg7+ Ke8 47. Rxh7 Qc2+ 48. Qg2 Qxh7 49. f5 exf5 50. d5 cxd5 51. Qxd5 Qc7+ 52. Kg2 Qc6 0-1

[Event "Oberliga Ost B"]
[Site "?"]
[Date "2023.02.05"]
[Round "7.1"]
[White "Kunin, Vitaly"]
[Black "Sivuk, Vitaly"]
[Result "1-0"]
[WhiteElo "2510"]
[BlackElo "2530"]
[PlyCount "199"]
[EventDate "2022.09.18"]
[EventType "team-tourn"]
[EventCountry "GER"]
[WhiteTeam "Moerlenbach Birkenau Freibauer"]
[BlackTeam "Emstal Bad Wolfhagen SF"]
[WhiteTeamCountry "GER"]
[BlackTeamCountry "GER"]

1. d4 Nf6 2. c4 e6 3. Nf3 d5 4. Nc3 Nbd7 5. cxd5 exd5 6. Bg5 c6 7. e3 h6 8. Bh4 g5 9. Bg3 Nh5 10. Bd3 Nxg3 11. hxg3 Bg7 12. Qc2 Nb6 13. O-O-O Be6 14. Kb1 Qe7 15. Rc1 O-O-O 16. Na4 Kb8 17. Nc5 Bc8 18. Qb3 Ka8 19. Rc3 Nd7 20. Rhc1 Nxc5 21. Rxc5 f5 22. Ra5 Qc7 23. Rxd5 Rxd5 24. Qxd5 f4 25. gxf4 gxf4 26. Qh5 fxe3 27. fxe3 Rf8 28. Rc2 Qg3 29. a3 Kb8 30. Qc5 Re8 31. e4 Qf4 32. d5 cxd5 33. e5 Bxe5 34. Nxe5 Qxe5 35. Re2 Qh8 36. Qd6+ Ka8 37. Rxe8 Qxe8 38. Qxh6 a6 39. Qf4 Qe1+ 40. Qc1 Qe6 41. Qf4 Qe1+ 42. Kc2 Qg1 43. g3 Bd7 44. Kd2 d4 45. Be2 Bb5 46. Bxb5 axb5 47. g4 Qg2+ 48. Kd3 Qxb2 49. Qf8+ Ka7 50. Qb4 Qg2 51. Qa5+ Kb8 52. Qd8+ Ka7 53. Qxd4+ Ka6 54. Qf6+ b6 55. g5 Qd5+ 56. Ke3 Qc5+ 57. Ke4 Qc2+ 58. Ke5 Qc5+ 59. Ke6 Qc6+ 60. Kf7 Qd5+ 61. Kg7 Qd7+ 62. Kf8 Qc8+ 63. Kf7 Qc4+ 64. Kg7 Qc7+ 65. Kg8 Qc4+ 66. Kh7 Qc7+ 67. Kh6 Qh2+ 68. Kg6 Qc2+ 69. Qf5 Qc6+ 70. Kh7 Qc7+ 71. Kg8 Qd8+ 72. Kf7 Qc7+ 73. Ke8 Qc6+ 74. Kf7 Qc7+ 75. Kg6 Qc6+ 76. Qf6 Qc2+ 77. Kg7 Qc7+ 78. Kg8 Qc4+ 79. Qf7 Qc8+ 80. Qf8 Qc4+ 81. Kh8 Qc3+ 82. Kg8 Qc4+ 83. Kh7 Qc7+ 84. Qg7 Qh2+ 85. Kg8 Qa2+ 86. Qf7 Qxa3 87. g6 Qd3 88. Qa2+ Kb7 89. Qg2+ Ka7 90. g7 b4 91. Kh8 Qd4 92. Qa2+ Kb7 93. Qe6 Qh4+ 94. Kg8 Ka6 95. Qa2+ Kb5 96. Qd5+ Ka4 97. Kf7 Qf4+ 98. Ke7 Qh4+ 99. Ke8 Qe1+ 100. Kd7 1-0

[Event "Oberliga Ost B"]
[Site "?"]
[Date "2023.02.05"]
[Round "7.2"]
[White "Peng, Li Min"]
[Black "Galdunts, Sergey"]
[Result "1-0"]
[WhiteElo "2540"]
[BlackElo "2411"]
[PlyCount "121"]
[EventDate "2022.09.18"]
[EventType "team-tourn"]
[EventCountry "GER"]
[WhiteTeam "Emstal Bad Wolfhagen SF"]
[BlackTeam "Moerlenbach Birkenau Freibauer"]
[WhiteTeamCountry "GER"]
[BlackTeamCountry "GER"]

1. d4 d5 2. c4 e6 3. Nc3 Nf6 4. cxd5 exd5 5. Bf4 Bd6 6. Bxd6 Qxd6 7. e3 a6 8. Bd3 Nc6 9. Nge2 O-O 10. O-O Re8 11. h3 Ne7 12. Ng3 Ng6 13. Re1 Bd7 14. Rc1 Rad8 15. Nh5 Bc6 16. Nxf6+ Qxf6 17. Qh5 Nf8 18. Rc2 g6 19. Qh6 Ne6 20. Rec1 Rd6 21. b4 Bd7 22. a4 c6 23. Rb2 Rc8 24. Ne2 Qg5 25. Qxg5 Nxg5 26. b5 axb5 27. axb5 Ne6 28. bxc6 bxc6 29. Rb6 Kf8 30. Ba6 Ra8 31. Nc3 Ke7 32. Rcb1 Bc8 33. Bxc8 Rxc8 34. Ra1 Rd7 35. Ra5 c5 36. dxc5 Nxc5 37. Rbb5 Kd6 38. g4 Rdc7 39. Kg2 Rc6 40. Ne2 R6c7 41. Rb6+ Rc6 42. Rbb5 R6c7 43. Nf4 Rc6 44. h4 R6c7 45. g5 Rd7 46. Rb1 Re7 47. Rc1 Rcc7 48. Rd1 Re5 49. Kf3 Rb7 50. Ra8 Rf5 51. Kg2 Rc7 52. Ra5 Rb7 53. Rd2 Rc7 54. f3 Rc6 55. Kg3 Re5 56. e4 Nb3 57. Rdxd5+ Rxd5 58. Rxd5+ Ke7 59. Rb5 Nd4 60. Rb8 Rc3 61. Nd5+ 1-0

[Event "Oberliga Ost B"]
[Site "?"]
[Date "2023.02.05"]
[Round "7.3"]
[White "Legde, Georg"]
[Black "Galperin, Platon"]
[Result "0-1"]
[WhiteElo "2363"]
[BlackElo "2538"]
[PlyCount "62"]
[EventDate "2022.09.18"]
[EventType "team-tourn"]
[EventCountry "GER"]
[WhiteTeam "Moerlenbach Birkenau Freibauer"]
[BlackTeam "Emstal Bad Wolfhagen SF"]
[WhiteTeamCountry "GER"]
[BlackTeamCountry "GER"]

1. d4 Nf6 2. c4 g6 3. Nc3 Bg7 4. g3 O-O 5. Bg2 d6 6. Nf3 Re8 7. O-O Bd7 8. e4 e5 9. dxe5 dxe5 10. Be3 Qc8 11. Qc2 Nc6 12. Nd5 Nd4 13. Nxd4 Nxd5 14. cxd5 exd4 15. Bf4 c5 16. dxc6 Bxc6 17. Rfe1 Qe6 18. a3 Rac8 19. Rad1 Bb5 20. Qb1 Qb3 21. Rd2 d3 22. Red1 Rc2 23. Bf1 Bd4 24. e5 Rec8 25. Bh3 Bc6 26. Bg2 Bxg2 27. Kxg2 Qd5+ 28. Kg1 Qf3 29. Rf1 Rxd2 30. Bxd2 Rc2 31. Qe1 Qe2 0-1

[Event "Oberliga Ost B"]
[Site "?"]
[Date "2023.02.05"]
[Round "7.4"]
[White "Larkin, Vladyslav"]
[Black "Clery, Nicolas"]
[Result "1-0"]
[WhiteElo "2441"]
[BlackElo "2343"]
[PlyCount "67"]
[EventDate "2022.09.18"]
[EventType "team-tourn"]
[EventCountry "GER"]
[WhiteTeam "Emstal Bad Wolfhagen SF"]
[BlackTeam "Moerlenbach Birkenau Freibauer"]
[WhiteTeamCountry "GER"]
[BlackTeamCountry "GER"]

1. Nf3 Nf6 2. c4 e6 3. g3 d5 4. Bg2 Be7 5. O-O O-O 6. d4 c6 7. Qc2 b6 8. Ne5 Bb7 9. Rd1 Nfd7 10. Nxd7 Nxd7 11. e4 Rc8 12. b3 dxc4 13. bxc4 c5 14. d5 exd5 15. cxd5 Bf6 16. Bb2 c4 17. Bxf6 Qxf6 18. Nc3 Nc5 19. f4 Qg6 20. Qf2 a6 21. a4 Rfd8 22. Rab1 Nb3 23. e5 b5 24. f5 Qh6 25. axb5 axb5 26. Nxb5 c3 27. Na3 Bxd5 28. Rxd5 Nd2 29. Rxd8+ Rxd8 30. Qd4 Rf8 31. Re1 Rc8 32. e6 fxe6 33. fxe6 c2 34. Nxc2 1-0

[Event "Oberliga Ost B"]
[Site "?"]
[Date "2023.02.05"]
[Round "7.5"]
[White "Dittmar, Peter"]
[Black "Petrovskyi, Vadym"]
[Result "0-1"]
[WhiteElo "2184"]
[BlackElo "2416"]
[PlyCount "84"]
[EventDate "2022.09.18"]
[EventType "team-tourn"]
[EventCountry "GER"]
[WhiteTeam "Moerlenbach Birkenau Freibauer"]
[BlackTeam "Emstal Bad Wolfhagen SF"]
[WhiteTeamCountry "GER"]
[BlackTeamCountry "GER"]

1. c4 e5 2. g3 Nf6 3. Bg2 d5 4. cxd5 Nxd5 5. Nf3 Nc6 6. O-O Nb6 7. b3 Be7 8. Bb2 f6 9. Nc3 O-O 10. Rc1 f5 11. d3 Be6 12. a3 a5 13. Nb5 Bf6 14. d4 e4 15. Ne5 Bxe5 16. dxe5 Qxd1 17. Rcxd1 Bxb3 18. Rb1 Rac8 19. g4 Bc4 20. Nd4 Nxd4 21. Bxd4 Bxe2 22. Rfe1 Bxg4 23. f3 Bxf3 24. Bxf3 exf3 25. e6 Rfe8 26. Kf2 Nc4 27. Rxb7 Nd6 28. Rb2 c5 29. Be5 Rxe6 30. Bxd6 Rxd6 31. Re7 c4 32. Rbb7 Rg6 33. Kxf3 c3 34. Rbc7 Rxc7 35. Rxc7 Rg4 36. Rxc3 g6 37. Rc7 Ra4 38. Ra7 g5 39. Ke3 f4+ 40. Kf3 h5 41. h3 Rxa3+ 42. Ke4 f3 0-1

[Event "Oberliga Ost B"]
[Site "?"]
[Date "2023.02.05"]
[Round "7.6"]
[White "Prokofiev, Valentyn"]
[Black "Boehmer, Christian"]
[Result "1/2-1/2"]
[WhiteElo "2299"]
[BlackElo "2149"]
[PlyCount "51"]
[EventDate "2022.09.18"]
[EventType "team-tourn"]
[EventCountry "GER"]
[WhiteTeam "Emstal Bad Wolfhagen SF"]
[BlackTeam "Moerlenbach Birkenau Freibauer"]
[WhiteTeamCountry "GER"]
[BlackTeamCountry "GER"]

1. d4 d5 2. Nf3 c6 3. c4 e6 4. e3 Nf6 5. b3 Nbd7 6. Bd3 Bd6 7. Bb2 Qe7 8. Nc3 dxc4 9. bxc4 e5 10. Bf5 exd4 11. Qxd4 Ne5 12. Bxc8 Nxf3+ 13. gxf3 Be5 14. Qd3 Rxc8 15. O-O-O O-O 16. f4 Rfd8 17. Qf5 Bxc3 18. Bxc3 Ne4 19. Bb4 Qxb4 20. Qxe4 b5 21. Qc2 bxc4 22. Qb2 c5 23. Rhg1 c3 24. Qb3 a5 25. Kc2 Qe4+ 26. Kc1 1/2-1/2

[Event "Oberliga Ost B"]
[Site "?"]
[Date "2023.02.05"]
[Round "7.7"]
[White "Schaefer, Michael"]
[Black "Kersten, Uwe"]
[Result "1/2-1/2"]
[WhiteElo "2069"]
[BlackElo "2239"]
[PlyCount "55"]
[EventDate "2022.09.18"]
[EventType "team-tourn"]
[EventCountry "GER"]
[WhiteTeam "Moerlenbach Birkenau Freibauer"]
[BlackTeam "Emstal Bad Wolfhagen SF"]
[WhiteTeamCountry "GER"]
[BlackTeamCountry "GER"]

1. c4 e5 2. g3 Nf6 3. Bg2 h6 4. Nc3 Bb4 5. Nd5 Nxd5 6. cxd5 O-O 7. a3 Bc5 8. d3 d6 9. Nf3 Bb6 10. Nd2 c6 11. Nc4 cxd5 12. Bxd5 Bc7 13. O-O Nc6 14. b4 Ne7 15. Bg2 d5 16. Nd2 Be6 17. Bb2 Qd7 18. Rc1 Rad8 19. Nf3 f6 20. e4 Bb6 21. Qc2 dxe4 22. dxe4 Qd3 23. Nh4 g6 24. Rfe1 Bb3 25. Qc3 Qxc3 26. Bxc3 Kg7 27. b5 Rfe8 28. Bb4 1/2-1/2

[Event "Oberliga Ost B"]
[Site "?"]
[Date "2023.02.05"]
[Round "7.8"]
[White "Rakhmangulova, Anastasiya"]
[Black "Aranifar, Babak"]
[Result "1-0"]
[WhiteElo "2275"]
[BlackElo "1900"]
[PlyCount "87"]
[EventDate "2022.09.18"]
[EventType "team-tourn"]
[EventCountry "GER"]
[WhiteTeam "Emstal Bad Wolfhagen SF"]
[BlackTeam "Moerlenbach Birkenau Freibauer"]
[WhiteTeamCountry "GER"]
[BlackTeamCountry "GER"]

1. e4 e5 2. Nf3 Nc6 3. Bc4 Bc5 4. c3 Nf6 5. d3 d6 6. a4 a6 7. O-O O-O 8. Bg5 Be6 9. Nbd2 Qe7 10. b4 Ba7 11. b5 Nd8 12. bxa6 Bxc4 13. axb7 Nxb7 14. Nxc4 Nc5 15. a5 Qe6 16. Qe2 Rfb8 17. Bxf6 Qxf6 18. Rab1 g5 19. Ne3 c6 20. Nd2 Na4 21. Rxb8+ Rxb8 22. Rc1 Rb2 23. Qd1 Bxe3 24. fxe3 Nc5 25. Ra1 Nb3 26. Qxb3 Rxb3 27. Nxb3 Qe7 28. a6 Qa7 29. d4 f6 30. Nd2 Kf7 31. Nc4 Ke7 32. d5 Kd7 33. dxc6+ Kxc6 34. Kf2 Kc7 35. g4 Kc6 36. Ra5 Kc7 37. Ke2 Kc6 38. Kd3 Kc7 39. h3 Kb8 40. Rb5+ Ka8 41. Nb6+ Kb8 42. Nd5+ Ka8 43. Rb6 h6 44. c4 1-0

[Event "Oberliga Ost B"]
[Site "?"]
[Date "2023.02.05"]
[Round "7.3"]
[White "Mazurek, Robert"]
[Black "Urban, Lars"]
[Result "1/2-1/2"]
[WhiteElo "2232"]
[BlackElo "2192"]
[PlyCount "39"]
[EventDate "2022.09.18"]
[EventType "team-tourn"]
[EventCountry "GER"]
[WhiteTeam "Gernsheim SK"]
[BlackTeam "Erfurt SV Empor"]
[WhiteTeamCountry "GER"]
[BlackTeamCountry "GER"]

1. d4 Nf6 2. c4 g6 3. Nc3 Bg7 4. e4 d6 5. Be2 O-O 6. f4 Na6 7. Nf3 e5 8. dxe5 dxe5 9. Nxe5 Nc5 10. Bf3 Qxd1+ 11. Kxd1 Rd8+ 12. Kc2 Nfxe4 13. Nxe4 Bf5 14. Re1 Bxe5 15. fxe5 Rd4 16. Kc3 Rd3+ 17. Kc2 Rd4 18. Kc3 Rd3+ 19. Kc2 Rd4 20. Kc3 1/2-1/2

[Event "Oberliga Ost B"]
[Site "?"]
[Date "2023.02.05"]
[Round "7.4"]
[White "Michalowski, Peter"]
[Black "Mueller, Maximilian"]
[Result "0-1"]
[WhiteElo "2087"]
[BlackElo "2319"]
[PlyCount "62"]
[EventDate "2022.09.18"]
[EventType "team-tourn"]
[EventCountry "GER"]
[WhiteTeam "Erfurt SV Empor"]
[BlackTeam "Gernsheim SK"]
[WhiteTeamCountry "GER"]
[BlackTeamCountry "GER"]

1. e4 c5 2. Nf3 e6 3. g3 Nc6 4. Bg2 d6 5. O-O e5 6. h3 g6 7. d3 Bg7 8. Be3 Nge7 9. c3 O-O 10. Qd2 f5 11. Kh2 b6 12. Bh6 Bb7 13. Bxg7 Kxg7 14. Re1 h6 15. Na3 Qe8 16. exf5 gxf5 17. d4 e4 18. d5 Nd8 19. Nh4 Bxd5 20. c4 Bc6 21. Qxd6 Rf6 22. Qe5 Nf7 23. Qf4 Ng5 24. f3 Qf7 25. Rad1 Re8 26. Nb5 exf3 27. Nxf3 Bxf3 28. Bxf3 Ng6 29. Bh5 Nxf4 30. Bxf7 Rxe1 31. Rxe1 Nf3+ 0-1

[Event "Oberliga Ost B"]
[Site "?"]
[Date "2023.02.05"]
[Round "7.5"]
[White "Mao, Kevin"]
[Black "Heinke, Jasper"]
[Result "1/2-1/2"]
[WhiteElo "2052"]
[BlackElo "2029"]
[PlyCount "52"]
[EventDate "2022.09.18"]
[EventType "team-tourn"]
[EventCountry "GER"]
[WhiteTeam "Gernsheim SK"]
[BlackTeam "Erfurt SV Empor"]
[WhiteTeamCountry "GER"]
[BlackTeamCountry "GER"]

1. e4 e6 2. d4 d5 3. Nd2 Nf6 4. e5 Nfd7 5. Ndf3 c5 6. c3 Nc6 7. Ne2 cxd4 8. cxd4 f6 9. Nf4 fxe5 10. Nxe6 Qb6 11. Nxf8 Rxf8 12. dxe5 Ndxe5 13. Be2 Bg4 14. Qxd5 Rd8 15. Qe4 Qa5+ 16. Kf1 Bxf3 17. gxf3 Rd4 18. Qxh7 Qd5 19. Be3 Nxf3 20. Qg6+ Kd8 21. Bxf3 Qxf3 22. Qg5+ Kc8 23. Rg1 Rd1+ 24. Rxd1 Qxd1+ 25. Kg2 Qf3+ 26. Kf1 Qd1+ 1/2-1/2

[Event "Oberliga Ost B"]
[Site "?"]
[Date "2023.02.05"]
[Round "7.6"]
[White "Rempel, Patrick"]
[Black "Schupp, Uwe"]
[Result "1-0"]
[WhiteElo "2028"]
[BlackElo "2071"]
[PlyCount "85"]
[EventDate "2022.09.18"]
[EventType "team-tourn"]
[EventCountry "GER"]
[WhiteTeam "Erfurt SV Empor"]
[BlackTeam "Gernsheim SK"]
[WhiteTeamCountry "GER"]
[BlackTeamCountry "GER"]

1. Nf3 d6 2. d4 Nf6 3. Nc3 Nbd7 4. e4 c6 5. a4 e5 6. Be2 Be7 7. O-O O-O 8. h3 exd4 9. Nxd4 Nc5 10. Bf3 a5 11. Bf4 Re8 12. Re1 Bd7 13. Qd2 Qb6 14. b3 Rad8 15. Rad1 Bc8 16. Bh2 Bf8 17. Qf4 Ne6 18. Nxe6 Bxe6 19. Bg3 Qb4 20. Ne2 Nd7 21. Nd4 Ne5 22. Be2 Ng6 23. Qc1 Bc8 24. Bf1 h6 25. Kh1 Qc5 26. Qb2 Be7 27. c3 Bf6 28. f4 Qb6 29. Nf3 Nf8 30. Qc2 Ne6 31. Bc4 Qc7 32. e5 dxe5 33. Nxe5 Bxe5 34. fxe5 Rxd1 35. Qxd1 Qd8 36. Qe2 Qg5 37. Qf2 Rd8 38. Rf1 Qg6 39. Bh4 Re8 40. Qf3 Rf8 41. Be7 Re8 42. Bd3 Ng5 43. Bxg5 1-0

[Event "Oberliga Ost B"]
[Site "?"]
[Date "2023.02.05"]
[Round "7.7"]
[White "Krinke, Michael"]
[Black "Nicolai, Tim"]
[Result "0-1"]
[WhiteElo "1963"]
[BlackElo "2039"]
[PlyCount "54"]
[EventDate "2022.09.18"]
[EventType "team-tourn"]
[EventCountry "GER"]
[WhiteTeam "Gernsheim SK"]
[BlackTeam "Erfurt SV Empor"]
[WhiteTeamCountry "GER"]
[BlackTeamCountry "GER"]

1. c4 d6 2. d4 Nf6 3. Nc3 g6 4. e4 Bg7 5. f3 O-O 6. Be3 c5 7. Nge2 cxd4 8. Nxd4 Nc6 9. Qd2 Bd7 10. Be2 a5 11. b3 Nxd4 12. Bxd4 Bc6 13. O-O Nd7 14. Rfe1 Nc5 15. Be3 e6 16. Rac1 Be5 17. Bf1 Qh4 18. g3 Qe7 19. Nb5 f5 20. exf5 Rxf5 21. g4 Bxf3 22. Bxc5 Rg5 23. Rxe5 Rxg4+ 24. Bg2 Bxg2 25. Qxg2 Rxg2+ 26. Kxg2 dxc5 27. Rce1 Rf8 0-1

[Event "Oberliga Ost B"]
[Site "?"]
[Date "2023.02.05"]
[Round "7.8"]
[White "Reuter, Elisa"]
[Black "Voto, Emilio"]
[Result "1/2-1/2"]
[WhiteElo "1905"]
[BlackElo "1732"]
[PlyCount "65"]
[EventDate "2022.09.18"]
[EventType "team-tourn"]
[EventCountry "GER"]
[WhiteTeam "Erfurt SV Empor"]
[BlackTeam "Gernsheim SK"]
[WhiteTeamCountry "GER"]
[BlackTeamCountry "GER"]

1. e4 c6 2. Nf3 d5 3. Nc3 dxe4 4. Nxe4 Nf6 5. Qe2 Nxe4 6. Qxe4 Qd5 7. Qh4 Bf5 8. Bc4 Qa5 9. Qf4 e6 10. c3 Nd7 11. O-O Be7 12. d4 O-O 13. h4 h5 14. Qg3 Bf6 15. Bf4 Qd8 16. Bg5 Bg4 17. Bxf6 Qxf6 18. Ne5 Nxe5 19. dxe5 Qh6 20. f3 Bf5 21. Qg5 Qxg5 22. hxg5 Rfd8 23. Rad1 Bc2 24. Rc1 Bd3 25. Bxd3 Rxd3 26. Rce1 Rd2 27. Rf2 Rad8 28. Kf1 Rxf2+ 29. Kxf2 g6 30. f4 Kf8 31. Re4 Rd2+ 32. Re2 Rd5 33. Re4 1/2-1/2

[Event "Oberliga Ost B"]
[Site "?"]
[Date "2023.02.05"]
[Round "7.1"]
[White "Zude, Erik"]
[Black "Visakh N R"]
[Result "1/2-1/2"]
[WhiteElo "2375"]
[BlackElo "2548"]
[PlyCount "83"]
[EventDate "2022.09.18"]
[EventType "team-tourn"]
[EventCountry "GER"]
[WhiteTeam "Hofheim SV II"]
[BlackTeam "Heusenstamm SC"]
[WhiteTeamCountry "GER"]
[BlackTeamCountry "GER"]

1. e4 c5 2. Nf3 d6 3. d4 cxd4 4. Nxd4 Nf6 5. Nc3 a6 6. f3 e5 7. Nb3 Be6 8. Be3 Be7 9. Qd2 O-O 10. O-O-O a5 11. a4 Nc6 12. g4 Nb4 13. g5 Ne8 14. f4 exf4 15. Bxf4 Rc8 16. Kb1 Bg4 17. Re1 g6 18. h4 Ng7 19. Bh3 Bxh3 20. Rxh3 Nh5 21. Bh2 b6 22. Rf3 f6 23. Nd4 Qd7 24. Nd5 Nxd5 25. exd5 fxg5 26. Nc6 Rce8 27. Rfe3 Bd8 28. Rxe8 Rxe8 29. Rxe8+ Qxe8 30. hxg5 Qd7 31. b3 Ng7 32. Bf4 Nf5 33. Qe2 Kf8 34. Qe1 Bc7 35. Bc1 Qf7 36. Qe4 Ne7 37. Nxe7 Qxe7 38. Qd4 Ke8 39. Bb2 Qxg5 40. Qh8+ Kd7 41. Qxh7+ Kc8 42. Qg8+ 1/2-1/2

[Event "Oberliga Ost B"]
[Site "?"]
[Date "2023.02.05"]
[Round "7.2"]
[White "Poetsch, Hagen"]
[Black "Kushka, Alena"]
[Result "1/2-1/2"]
[WhiteElo "2489"]
[BlackElo "2132"]
[PlyCount "113"]
[EventDate "2022.09.18"]
[EventType "team-tourn"]
[EventCountry "GER"]
[WhiteTeam "Heusenstamm SC"]
[BlackTeam "Hofheim SV II"]
[WhiteTeamCountry "GER"]
[BlackTeamCountry "GER"]

1. e4 c5 2. Nf3 Nc6 3. Nc3 g6 4. d4 cxd4 5. Nxd4 Bg7 6. Be3 Nf6 7. Bc4 Qa5 8. O-O O-O 9. Bb3 d6 10. h3 Bd7 11. Re1 Rac8 12. Qe2 a6 13. Rad1 b5 14. Nd5 Nxd5 15. Nxc6 Bxc6 16. exd5 Ba8 17. Bd4 Rc7 18. Qe3 Bxd4 19. Rxd4 Qb6 20. c3 Qb7 21. Qg5 f6 22. Qg3 Rf7 23. h4 Rg7 24. Rg4 Qc8 25. Re6 Qf8 26. Qe3 f5 27. Rg5 Rc5 28. Qd4 Bb7 29. h5 Bc8 30. Re3 Qf6 31. Qf4 a5 32. hxg6 hxg6 33. Reg3 a4 34. Bc2 Rc4 35. Qd2 Rh4 36. f4 Rh5 37. Qe2 Rxg5 38. Rxg5 Bd7 39. Rg3 g5 40. fxg5 Rxg5 41. Rf3 Qe5 42. Qd2 Rg3 43. Kf2 Rxf3+ 44. Kxf3 Kf7 45. b3 axb3 46. axb3 Qh8 47. Qe3 Qh1 48. b4 Qf1+ 49. Kg3 Qc4 50. Qd4 Qf1 51. Bd3 Qe1+ 52. Kf3 e5 53. dxe6+ Kxe6 54. Qe3+ Qxe3+ 55. Kxe3 Ke5 56. g3 d5 57. Be2 1/2-1/2

[Event "Oberliga Ost B"]
[Site "?"]
[Date "2023.02.05"]
[Round "7.3"]
[White "Engel, Berthold"]
[Black "Zuyev, Igor"]
[Result "0-1"]
[WhiteElo "2119"]
[BlackElo "2453"]
[PlyCount "72"]
[EventDate "2022.09.18"]
[EventType "team-tourn"]
[EventCountry "GER"]
[WhiteTeam "Hofheim SV II"]
[BlackTeam "Heusenstamm SC"]
[WhiteTeamCountry "GER"]
[BlackTeamCountry "GER"]

1. e4 c5 2. Nf3 Nc6 3. Bb5 Nd4 4. Be2 d5 5. exd5 Nf6 6. Nxd4 cxd4 7. Bb5+ Bd7 8. Bxd7+ Qxd7 9. O-O Rc8 10. b3 Qxd5 11. c4 Qf5 12. d3 e6 13. Ba3 Bxa3 14. Nxa3 Rd8 15. Qe2 h5 16. Nc2 h4 17. Ne1 g5 18. Qf3 Qxf3 19. Nxf3 g4 20. Nd2 Nd7 21. Ne4 Ne5 22. Rad1 Ke7 23. f4 gxf3 24. gxf3 Rh5 25. f4 Ng4 26. Rf3 Ne3 27. Re1 Rg8+ 28. Kh1 Rf5 29. Re2 Rg6 30. Ref2 Rg4 31. b4 Rh5 32. Nd2 Rh8 33. Nf1 Rhg8 34. h3 Rg1+ 35. Kh2 Nxf1+ 36. Rxf1 R8g2# 0-1

[Event "Oberliga Ost B"]
[Site "?"]
[Date "2023.02.05"]
[Round "7.4"]
[White "Solonar, Stefan"]
[Black "Burkart, Patrick"]
[Result "1-0"]
[WhiteElo "2267"]
[BlackElo "2337"]
[PlyCount "71"]
[EventDate "2022.09.18"]
[EventType "team-tourn"]
[EventCountry "GER"]
[WhiteTeam "Heusenstamm SC"]
[BlackTeam "Hofheim SV II"]
[WhiteTeamCountry "GER"]
[BlackTeamCountry "GER"]

1. c4 Nf6 2. Nc3 e6 3. e4 d5 4. e5 d4 5. exf6 dxc3 6. bxc3 Qxf6 7. d4 c5 8. Nf3 cxd4 9. Bd3 h6 10. cxd4 Bb4+ 11. Kf1 Nd7 12. Rb1 Bd6 13. c5 Bc7 14. Qe2 Qe7 15. Ba3 Rb8 16. Rb3 Nf6 17. Bb5+ Kd8 18. g3 Nd5 19. Kg2 Qf6 20. Ne5 Bxe5 21. dxe5 Qg6 22. Qc4 h5 23. Rd1 h4 24. Rxd5+ exd5 25. Qxd5+ Kc7 26. Qd6+ Qxd6 27. cxd6+ Kb6 28. d7 h3+ 29. Kf1 Ka5 30. Bd6 Bxd7 31. Bxd7 Ra8 32. Bc7+ b6 33. Bd6 b5 34. Bc5 b4 35. Rxb4 Ka6 36. Bc6 1-0

[Event "Oberliga Ost B"]
[Site "?"]
[Date "2023.02.05"]
[Round "7.5"]
[White "Rieseler, Caroline"]
[Black "Klundt, Klaus"]
[Result "0-1"]
[WhiteElo "2128"]
[BlackElo "2277"]
[PlyCount "108"]
[EventDate "2022.09.18"]
[EventType "team-tourn"]
[EventCountry "GER"]
[WhiteTeam "Hofheim SV II"]
[BlackTeam "Heusenstamm SC"]
[WhiteTeamCountry "GER"]
[BlackTeamCountry "GER"]

1. e4 c5 2. Nf3 e6 3. d4 cxd4 4. Nxd4 Nc6 5. Nc3 Qc7 6. Be3 a6 7. f4 d6 8. Qf3 Nf6 9. Bd3 Bd7 10. O-O Be7 11. Nb3 Rc8 12. a3 O-O 13. Rae1 b5 14. g4 b4 15. axb4 Nxb4 16. g5 Ne8 17. f5 exf5 18. Nd5 Nxd5 19. exd5 g6 20. Nd4 Qb7 21. b3 Bd8 22. c4 Bb6 23. Bc2 Ng7 24. Qf2 Rfe8 25. Bf4 Qa7 26. Rd1 Re5 27. Kh1 Rce8 28. Rd2 Nh5 29. Rfd1 Bc5 30. b4 Bxd4 31. Qxd4 Re1+ 32. Kg2 Qxd4 33. Rxd4 Nxf4+ 34. Rxf4 f6 35. h4 Kf7 36. Rxe1 Rxe1 37. Kf2 Rc1 38. Bd3 Kg7 39. Ke3 fxg5 40. hxg5 h6 41. gxh6+ Kxh6 42. Kd4 Kg5 43. Rf2 Rd1 44. Kc3 Kf6 45. Ra2 Bc8 46. Re2 f4 47. Re8 Bf5 48. Bxf5 Kxf5 49. c5 dxc5 50. bxc5 Rxd5 51. Kc4 Rd1 52. c6 f3 53. Re3 Rc1+ 54. Rc3 Rxc3+ 0-1